|
|
|
|
| LEADER |
00974nam a22002417a 4500 |
| 001 |
AAL7529 |
| 003 |
BD-DhAAL |
| 005 |
20160130185402.0 |
| 008 |
160130s 2009bd a|||| |||| 001 0 ben d |
| 020 |
|
|
|a 9844587011400709
|
| 040 |
|
|
|a BD-DhAAL
|c BD-DhAAL
|
| 082 |
|
|
|a 954.92
|
| 245 |
|
|
|a কিশোর মুক্তিযুদ্ধ কোষ /
|c মুনতাসীর মামুন সম্পাদিত
|
| 250 |
|
|
|a 1st ed.
|
| 260 |
|
|
|a ঢাকা :
|b সময় প্রকাশন,
|c ২০০৯.
|
| 300 |
|
|
|a ৪৯৬ পৃ. :
|b চিত্র ;
|c ২৫ সে.মি.
|
| 500 |
|
|
|a Includes index.
|
| 541 |
|
|
|e 7529
|
| 651 |
|
|
|a Bangladesh
|v Encyclopedias, Juvenile.
|x History
|y Revolution, 1971
|9 17623
|
| 651 |
|
|
|a Bangladesh
|9 17624
|
| 942 |
|
|
|2 ddc
|c BK
|
| 999 |
|
|
|c 36717
|d 36717
|
| 952 |
|
|
|0 0
|1 0
|2 ddc
|4 0
|6 954_920000000000000_KIS
|7 0
|9 57787
|a SCL
|b SCL
|c GEN
|d 2016-01-30
|g 600.00
|l 4
|m 3
|o 954.92 KIS
|p 3020007529
|r 2025-09-06
|s 2025-08-12
|t 1
|w 2016-01-30
|y BK
|